|
|
|
|
| LEADER |
02067nam a2200493 a 4500 |
| 001 |
nkc20091865289 |
| 003 |
CZ PrNK |
| 005 |
20090624164248.0 |
| 007 |
ta |
| 008 |
090414s2007 xr a f 001 0 cze |
| 015 |
|
|
|a cnb001865289
|
| 020 |
|
|
|a 978-80-86020-55-6
|q (brož.)
|z 80-86020-55-X
|
| 035 |
|
|
|a (OCoLC)403678911
|
| 040 |
|
|
|a OLA001
|b cze
|d ABA001
|
| 072 |
|
7 |
|a 628
|x Sanitární technika. Vodárenství. Odpadové hospodářství. Světelná technika
|2 Konspekt
|9 19
|
| 080 |
|
|
|a 628.1.037
|2 MRF
|
| 080 |
|
|
|a 628.2
|2 MRF
|
| 080 |
|
|
|a 628.2/.3
|2 MRF
|
| 080 |
|
|
|a 502/504
|2 MRF
|
| 080 |
|
|
|a (048.8)
|2 MRF
|
| 100 |
1 |
|
|a Hlavínek, Petr,
|d 1959-
|7 jn20010906006
|4 aut
|
| 245 |
1 |
0 |
|a Hospodaření s dešťovými vodami v urbanizovaném území /
|c hlavní autor Petr Hlavínek ; spoluautoři Petr Prax ... [et al.] ; editor Jiří Kubík
|
| 250 |
|
|
|a 1. vyd.
|
| 260 |
|
|
|a Brno :
|b ARDEC,
|c c2007
|
| 300 |
|
|
|a 164 s. :
|b il. (převážně barev.) ;
|c 21 cm
|
| 500 |
|
|
|a Na obálce uvedena autorská odpovědnost: Petr Hlavínek a kolektiv
|
| 504 |
|
|
|a Obsahuje bibliografii a rejstřík
|
| 650 |
0 |
7 |
|a dešťová voda
|7 ph114309
|2 czenas
|
| 650 |
0 |
7 |
|a stokování
|7 ph126110
|2 czenas
|
| 650 |
0 |
7 |
|a městské odpadní vody
|7 ph134900
|x environmentální aspekty
|2 czenas
|
| 650 |
0 |
9 |
|a rainwater
|2 eczenas
|
| 650 |
0 |
9 |
|a sewerage
|2 eczenas
|
| 650 |
0 |
9 |
|a municipal waste waters
|x environmental aspects
|2 eczenas
|
| 655 |
|
7 |
|a monografie
|7 fd132842
|2 czenas
|
| 655 |
|
9 |
|a monographs
|2 eczenas
|
| 700 |
1 |
|
|a Prax, Petr,
|d 1962-
|7 mzk2002160642
|4 aut
|
| 700 |
1 |
|
|a Kubík, Jiří
|7 jx20090428019
|4 aut
|4 edt
|
| 856 |
4 |
1 |
|u http://www.digitalniknihovna.cz/mzk/uuid/uuid:cd6c1250-da9d-11e4-8565-005056827e52
|y Digitalizovaný dokument
|x NDK
|
| 910 |
2 |
|
|a BOA001
|b 2-1221.806
|
| 990 |
|
|
|a BK
|
| 995 |
|
|
|a 01
|
| 991 |
|
|
|b 200905
|c NOV
|j 628 HLA
|
| 996 |
6 |
|
|b 2610374920
|c 2-1221.806
|l MZK
|r Sklad / do 1 hodiny
|n 12
|p p.v.
|w 000935899
|u 000010
|a 1
|e BOA001
|j MZK50
|s P
|
| 996 |
7 |
|
|b 2610374921
|c 2-1221.806
|l Vol.výběr
|r VV 1p
|n 41
|p p.v.
|h 628 HLA
|w 000935899
|u 000020
|a 0
|e BOA001
|j MZK50
|s A
|